zpět

Detail výsledku týmu

Klub Tyjátr, Svitavy

Datum a čas kvízu

24.5 Celkem bodů Celkový počet nahraných bodů na tomto kvízu bez doplňovacích otázek.
7. Pořadí na kvízu Konečné umístění týmu na tomto kvízu.

Zaznamenané odpovědi

# Otázka Odpověď Body Výsledky
1. Minulý týden se stalo hitem so... (Ford) Mustang, žlutá barva 1
2. Jak se jmenuje nezávislý kandi... Robert Francis Kennedy Jr. 0
3. Na Velký pátek se to v O<sub>2... Judas Priest 0
4. Minulý týden si žena na severu... s bambulí (od čepice) 1
5. Kteří dva olympijští vítězové... Pavel Patera, David Moravec 0
6. Věříme, že ovládáte velkou pal... Drahá vlasti 1
7. Zhruba 56 tisíc lidí obývá ost... Grónsko 0
8. Vyberte zemi, jejíž zkratka ná... C 0
9. Švýcarsko má čtyři úřední jazy... 1C 2B 3D 4A 1
10. Na snímku z letiště můžete spa... Dublin 1